| 000 | 00672nam a2200217Ii 4500 | ||
|---|---|---|---|
| 003 | JO-AjNU | ||
| 008 | 230606s9999||||xx |||||||||||||| ||und|| | ||
| 020 | _a0-13-0800220-4 | ||
| 040 |
_aJO-AjNU _beng _erda _cJO-AjNU |
||
| 041 | _aeng | ||
| 050 | 1 | 4 | _aHF5635 . K15 1998 |
| 100 | 3 |
_aKaplan,Robert S / Atkinson,Anthony A, _eauthor _93058 |
|
| 245 | 0 | 0 | _aAdvanced Management Accounting |
| 250 | _a3 ed | ||
| 264 | 3 | 1 | _aNew Jersey : Pearson -Hall International,1998 |
| 300 |
_a798p _b Includes indexes(p793-798) |
||
| 336 |
_atext _btxt _2rdacontent |
||
| 337 |
_aunmediated _bn _2rdamedia |
||
| 338 |
_avolume _bnc _2rdacarrier |
||
| 650 | 4 |
_aManagerial Accounting _93059 |
|
| 999 |
_aE1604 _c1604 _d1604 |
||